| 000 | 00732nam a2200241 i 4500 | ||
|---|---|---|---|
| 001 | 9700 | ||
| 003 | ES-MaACL | ||
| 005 | 20230906145734.0 | ||
| 007 | t| | ||
| 008 | 931129s1993 sp ||||1| spa d | ||
| 020 | _a84-206-5421-3 | ||
| 080 | _a892.7-9"19" | ||
| 080 | _a892.7(Djebar,A.7 L.03=6) | ||
| 100 | 1 |
_aDjebar, Assia. _944916 |
|
| 245 | 1 | 0 |
_aLejos de Medina _b: hijas de Ismael / _cAssia Djebar ; [versión española de Santiago Martín Bermúdez]. |
| 260 |
_aMadrid : _bAlianza, _cD.L. 1993. |
||
| 300 |
_a272 p. ; _c22 cm. |
||
| 490 | 1 |
_aAlianza cuatro ; _v21 |
|
| 700 | 1 |
_aMartín Bermúdez, Santiago. _977416 |
|
| 830 | 0 |
_aAlianza cuatro ; _v21 _9228058 |
|
| 852 |
_aES-MaACL _jL-17246 |
||
| 999 |
_c9700 _d9700 |
||